Представление документа в формате MARC21

ПолеНазваниеЗначение
  Тип записи a
  Библиографический уровень m
001 Контрольный номер RU/URAIT/589578
005 Дата корректировки 20260429163645.9
008 Кодируемые данные 260429s2026 RU y f j 000 0 rus u
020 Индекс ISBN __
a ISBN 978-5-534-18349-8
c Цена, тираж 599.00
040 Источник каталогиз. __
a Служба первич. каталог. ИКО Юрайт
c Служба, преобразующая запись ИКО Юрайт
e Правила каталог. RCR
041 Код языка издания __
a Код языка текста rus
044 Код страны публикации __
a Код страны публикации RU
080 Индекс УДК __
a Индекс УДК 502.175:574.21(075.8)
084 Индекс другой классификации/Индекс ББК __
2 Источник индекса rubbk
a Индекс другой классификации/Индекс ББК 20.18я73
100 Автор __
a Автор Карташев А. Г.
q Полное имя Карташев Александр Георгиевич
245 Заглавие __
a Заглавие Биоиндикационные методы контроля окружающей среды
b Продолж. заглавия учебник для спо
c Ответственность А. Г. Карташев.
256 Характеристики компьютерного файла __
a Характеристики компьютерного файла Электрон. дан.
260 Выходные данные __
a Место издания Москва
b Издательство Юрайт
c Дата издания 2026
300 Физическое описание __
a Объем 138 с
440 Серия __
a Серия Профессиональное образование
500 Примечания __
a Примечание URL: https://urait.ru/bcode/589578 (дата обращения: 29.04.2026).
520 Аннотация __
a Аннотация В учебном пособии рассмотрены современные научные и прикладные проблемы биоиндикации окружающей среды. Представлены методы биоинднкации экологического состояния природной среды при действии антропогенных факторов, экологических катастроф и землетрясений. В зависимости от уровня организации биосистем проведен анализ адаптивных реакций биосистем. Выявлены особенности адаптаций биосистем при нефтезагрязнениях. Соответствует актуальным требованиям федерального государственного образовательного стандарта высшего образования. Пособие предназначено для студентов и преподователей, занимающихся экологией и биоиндикацией экологического состояния природной среды.
538 Прим. о системных особенностях __
a Прим. о системных особенностях Режим доступа: Электронно-библиотечная система Юрайт, для авториз. пользователей
653 Ключевые слова __
a Ключевые слова Экология
653 Ключевые слова __
a Ключевые слова Естественные науки
653 Ключевые слова __
a Ключевые слова Мониторинг загрязнения окружающей среды
653 Ключевые слова __
a Ключевые слова Мониторинг загрязнения окружающей природной среды
856 Электронный адрес документа 40
n Местонахождение сервера Юрайт
g Электронная книга
q Тип электронного формата html
h Имя пользователя ЮРАЙТ
v Часы доступа к ресурсу 20271231
2 Способ доступа Показать документ
x Служебное примечание https://urait.ru/book/cover/913AB8F4-1E86-4BD8-8C54-DDADF9767B9A
u URL https://urait.ru/bcode/589578
856 Электронный адрес документа 48
q Тип электронного формата cover
u URL https://urait.ru/book/cover/913AB8F4-1E86-4BD8-8C54-DDADF9767B9A
911 __
u 0030=https://urait.ru/bcode/589578
911 __
u 073a=9785534183498
u 073d=599.00
911 __
u 106a=s
911 __
u 900l=
952 Тип литературы __
i Дисциплина Мониторинг загрязнения окружающей среды
952 Тип литературы __
i Дисциплина Мониторинг загрязнения окружающей природной среды